Statistics for Random LEGO part names

Click here to take the quiz!

General Stats

  • This quiz has been taken 3 times
  • The average score is 4 of 12

Answer Stats

Answer% Correct
Baseplate
100%
Brick
100%
Tile
100%
Jumper Plate
67%
Axle
33%
Plate
33%
Candle Stick
0%
Cheese slope
0%
Pin
0%
Plant Stem
0%
Plate with Clip
0%
SNOT brick
0%

Score Distribution

Percentile by Number Answered

Percent of People with Each Score

Your Score History

You have not taken this quiz